the trumpet of the swam (Record no. 9361)

MARC details
000 -LEADER
fixed length control field 01042nam a22001817a 4500
003 - CONTROL NUMBER IDENTIFIER
control field OSt
005 - DATE AND TIME OF LATEST TRANSACTION
control field 20260410083127.0
008 - FIXED-LENGTH DATA ELEMENTS--GENERAL INFORMATION
fixed length control field 260410b |||||||| |||| 00| 0 eng d
040 ## - CATALOGING SOURCE
Original cataloging agency DWCL GS lib
Transcribing agency OC
082 ## - DEWEY DECIMAL CLASSIFICATION NUMBER
Classification number Fic. W532 2000
100 ## - MAIN ENTRY--PERSONAL NAME
Personal name White E.B
245 ## - TITLE STATEMENT
Title the trumpet of the swam
Statement of responsibility, etc. White E.B
260 ## - PUBLICATION, DISTRIBUTION, ETC.
Place of publication, distribution, etc. New York
Name of publisher, distributor, etc. Harpercollins childrens book
Date of publication, distribution, etc. c1970
300 ## - PHYSICAL DESCRIPTION
Extent 251
Other physical details illustrations
Dimensions 19cm
520 ## - SUMMARY, ETC.
Summary, etc. Like the rest of his family, Louis is a trumpeter swan. But unlike his four brothers and sisters, louis can't trumpet joyfully. In fact, He can even make a sound. And since he can't trumpet his love, the beautiful swan serena pays absolutely no attention to him. Louis tries everything he can think of to win serena's affection he even goes to school to learn to read and write. But nothing seems to work. Then his father steals him a real brass trumpet. Is a musical instrument the key to winning louis his love?
546 ## - LANGUAGE NOTE
Language note English
942 ## - ADDED ENTRY ELEMENTS (KOHA)
Source of classification or shelving scheme Dewey Decimal Classification
Koha item type Fiction
Classification part Fic. W582c 2013
Suppress in OPAC No

No items available.